Using focus groups in research (Record no. 1340)
| 000 -LEADER | |
|---|---|
| fixed length control field | 00554nam a22001937a 4500 |
| 003 - CONTROL NUMBER IDENTIFIER | |
| control field | OSt |
| 005 - DATE AND TIME OF LATEST TRANSACTION | |
| control field | 20140630140332.0 |
| 008 - FIXED-LENGTH DATA ELEMENTS--GENERAL INFORMATION | |
| fixed length control field | 140630b xxu||||| |||| 00| 0 eng d |
| 020 ## - INTERNATIONAL STANDARD BOOK NUMBER | |
| International Standard Book Number | 0826464726 |
| 050 ## - LIBRARY OF CONGRESS CALL NUMBER | |
| Classification number | H61.28 .L58 2003 |
| 100 ## - MAIN ENTRY--PERSONAL NAME | |
| Personal name | Litosseliti, Lia. |
| 245 ## - TITLE STATEMENT | |
| Title | Using focus groups in research |
| Statement of responsibility, etc | Lia Litosseliti |
| 260 ## - PUBLICATION, DISTRIBUTION, ETC. (IMPRINT) | |
| Place of publication, distribution, etc | London |
| Name of publisher, distributor, etc | Continuum |
| Date of publication, distribution, etc | 2003 |
| 300 ## - PHYSICAL DESCRIPTION | |
| Extent | vii, 104 p |
| Dimensions | 22 cm. |
| 440 ## - SERIES STATEMENT/ADDED ENTRY--TITLE | |
| Title | Continuum research methods series |
| 504 ## - BIBLIOGRAPHY, ETC. NOTE | |
| Bibliography, etc | Includes bibliographical references (p. 100-104). |
| 650 ## - SUBJECT ADDED ENTRY--TOPICAL TERM | |
| Topical term or geographic name as entry element | Focus groups. |
| 942 ## - ADDED ENTRY ELEMENTS (KOHA) | |
| Source of classification or shelving scheme | |
| Koha item type | Book |
| Withdrawn status | Lost status | Source of classification or shelving scheme | Damaged status | Not for loan | Home library | Current library | Date acquired | Total Checkouts | Full call number | Barcode | Date last seen | Date checked out | Copy number | Price effective from | Koha item type |
|---|---|---|---|---|---|---|---|---|---|---|---|---|---|---|---|
| Riara University Library | Riara University Library | 30/06/2014 | 1 | H61.28 .L58 2003 | 4815/14 | 06/05/2025 | 06/11/2024 | C.1 | 30/06/2014 | Book | |||||
| Riara University Library | Riara University Library | 30/06/2014 | H61.28 .L58 2003 | 4814/14 | 30/06/2014 | C.2 | 30/06/2014 | Book | |||||||
| Riara University Library | Riara University Library | 30/06/2014 | H61.28 .L58 2003 | 4816/14 | 30/06/2014 | C.3 | 30/06/2014 | Book |
